Shrimathi Ko Premalekha (Record no. 428492)

MARC details
000 -LEADER
fixed length control field 00683nam a2200241Ia 4500
003 - CONTROL NUMBER IDENTIFIER
control field OSt
005 - DATE AND TIME OF LATEST TRANSACTION
control field 20220924131852.0
008 - FIXED-LENGTH DATA ELEMENTS--GENERAL INFORMATION
fixed length control field 220923b |||||||| |||| 00| 0 tel d
037 ## - SOURCE OF ACQUISITION
Terms of availability Textual
040 ## - CATALOGING SOURCE
Original cataloging agency ARTS
Transcribing agency ARTS
Language of cataloging tel
041 ## - LANGUAGE CODE
Source of code tel
Language code of text/sound track or separate title tel
100 ## - MAIN ENTRY--PERSONAL NAME
Personal name Krishanmurthy Bhavani Au.
9 (RLIN) 203136
245 #0 - TITLE STATEMENT
Title Shrimathi Ko Premalekha
260 ## - PUBLICATION, DISTRIBUTION, ETC.
Place of publication, distribution, etc. Vijayawada
Name of publisher, distributor, etc. Nageshwari Publications India
Date of publication, distribution, etc. 1985
300 ## - PHYSICAL DESCRIPTION
Extent 208p.
Dimensions cm.
650 ## - SUBJECT ADDED ENTRY--TOPICAL TERM
Topical term or geographic name entry element TELUGU LITERATURE
942 ## - ADDED ENTRY ELEMENTS (KOHA)
Classification part 035,3NBH2,5, M5
Koha item type Textual
Source of classification or shelving scheme Colon Classification (CC)
Holdings
Withdrawn status Lost status Damaged status Not for loan Home library Current library Date acquired Total Checkouts Full call number Barcode Date last seen Price effective from Koha item type
        Arts Library Arts Library 2022-09-24   035,3NBH2,5 M5 AL0897000 2022-09-24 2022-09-24 Textual
Copyright @ Delhi University Library System